000 00781nam a22001815i 4500
001 164009
003 ES-MaACL
005 20230906212844.0
008 050816s1898 fr | |||||||| ||fre d
040 _aCAM
_bspa
_cCAM
100 1 _aRoulin, Eugène.
_9132098
245 1 4 _aUne custodia espagnole (Abbaye de Silos) /
_cpar E. Roulin.
260 _aParis :
_b[s.n.,
_c1898?] (
_fTypographie de E. Plon, Nourrit et Cie.)
300 _a9 p. :
_bil. ;
_c32 cm.
596 _aEn port.: Extrait des Notes d'art et d'archeologie, nº 8 et 9, août et septembre 1898.
610 2 4 _aMonasterio de Silos (Burgos)
_9134692
852 _aES-MaACL
_jT-996-F-15
_z-- Enc. hol., conservando la enc. original
_z-- Ded. de Eloy García de Quevedo al Ateneo de Madrid
_z-- Enc. en un vol. facticio
999 _c164009
_d164009